| 000 | 00343nam a22001457a 4500 | ||
|---|---|---|---|
| 005 | 20250812163338.0 | ||
| 020 | _a978-81-86504-53-6 | ||
| 082 |
_a811.214.21 _bPRE |
||
| 100 | _aPREMCHAND | ||
| 245 | _aMeri bal kahaniyam - Hindi | ||
| 260 |
_aNew Delhi _bH.K.Books _c2023 |
||
| 300 | _a192p. | ||
| 700 | _aANEJA, Harivamsh, Comp. | ||
| 942 | _cBK | ||
| 999 |
_c75472 _d75472 |
||